Marki Samochodów Po Ich Logach - Statystyki

Ogólne statystyki
  • Ten quiz został rozwiązany 12 432 razy
  • Średni wynik to 26 z 36
Statystyki odpowiedzi
Obrazkowy Odpowiedź % Poprawnych
BMW
99%
Mercedes
98%
Nissan
97%
Audi
95%
Honda
95%
Porsche
95%
Toyota
94%
Lancia
92%
Opel
92%
Skoda
92%
Ferrari
90%
Jaguar
88%
Mazda
88%
Citroen
87%
Tesla
87%
Volkswagen
85%
Seat
84%
Hyundai
82%
Suzuki
82%
Renault
79%
Peugeot
78%
Bentley
77%
Subaru
76%
Chevrolet
75%
Mitsubishi
74%
Lamborghini
69%
Dodge
63%
Maserati
60%
Rolls Royce
58%
Cadillac
39%
TATA
31%
Pontiac
28%
Vauxhall
25%
Łada
21%
Buick
16%
Innocenti
4%
Nie znaleziono quizów pasujących do podanych kryteriów
Rozkład punktacji
Procent ludzi z każdym wynikiem
Percentyl według liczby udzielonych odpowiedzi
Twoja historia wyników
Nie rozwiązałeś tego quizu